<?xml version="1.0" encoding="UTF-8"?>
<record
    xmlns:xsi="http://www.w3.org/2001/XMLSchema-instance"
    xsi:schemaLocation="http://www.loc.gov/MARC21/slim http://www.loc.gov/standards/marcxml/schema/MARC21slim.xsd"
    xmlns="http://www.loc.gov/MARC21/slim">

  <leader>00684nam a22001817a 4500</leader>
  <datafield tag="999" ind1=" " ind2=" ">
    <subfield code="c">61677</subfield>
    <subfield code="d">61677</subfield>
  </datafield>
  <controlfield tag="005">20240416123431.0</controlfield>
  <controlfield tag="008">240416s1986    enk||||| |||| 00| 0 eng d</controlfield>
  <datafield tag="020" ind1=" " ind2=" ">
    <subfield code="a">9780136571646x</subfield>
  </datafield>
  <datafield tag="041" ind1=" " ind2=" ">
    <subfield code="a">eng</subfield>
  </datafield>
  <datafield tag="080" ind1=" " ind2=" ">
    <subfield code="a">616-53.2 C-87</subfield>
  </datafield>
  <datafield tag="100" ind1=" " ind2=" ">
    <subfield code="a">Cratty,  Bryant J.</subfield>
    <subfield code="9">21812</subfield>
  </datafield>
  <datafield tag="245" ind1=" " ind2=" ">
    <subfield code="a">Perceptual and Motor Development in Infants and Children /</subfield>
    <subfield code="c">Bryant J. Cratty.</subfield>
  </datafield>
  <datafield tag="264" ind1=" " ind2=" ">
    <subfield code="a">New Jersey: </subfield>
    <subfield code="b">Prentice Hall,</subfield>
    <subfield code="c">1986.</subfield>
  </datafield>
  <datafield tag="300" ind1=" " ind2=" ">
    <subfield code="a">424 p.:</subfield>
    <subfield code="b">ill.;</subfield>
    <subfield code="c">24 cm.</subfield>
  </datafield>
  <datafield tag="653" ind1=" " ind2=" ">
    <subfield code="a">&#x10D0;&#x10E6;&#x10E5;&#x10DB;&#x10D8;&#x10E1; &#x10D3;&#x10D0; &#x10DB;&#x10DD;&#x10E2;&#x10DD;&#x10E0;&#x10E3;&#x10DA;&#x10D8; &#x10D2;&#x10D0;&#x10DC;&#x10D5;&#x10D8;&#x10D7;&#x10D0;&#x10E0;&#x10D4;&#x10D1;&#x10D0; &#x10E9;&#x10D5;&#x10D8;&#x10DA;&#x10D4;&#x10D1;&#x10E1;&#x10D0; &#x10D3;&#x10D0; &#x10D1;&#x10D0;&#x10D5;&#x10E8;&#x10D5;&#x10D4;&#x10D1;&#x10E8;&#x10D8;</subfield>
  </datafield>
  <datafield tag="653" ind1=" " ind2=" ">
    <subfield code="a">&#x10DB;&#x10D4;&#x10D3;&#x10D8;&#x10EA;&#x10D8;&#x10DC;&#x10D0;</subfield>
  </datafield>
  <datafield tag="942" ind1=" " ind2=" ">
    <subfield code="2">udc</subfield>
    <subfield code="c">&#x1CAC;&#x1C98;&#x1C92;&#x1C9C;&#x1C98;</subfield>
  </datafield>
  <datafield tag="952" ind1=" " ind2=" ">
    <subfield code="0">0</subfield>
    <subfield code="1">0</subfield>
    <subfield code="2">udc</subfield>
    <subfield code="4">0</subfield>
    <subfield code="6">616532_C87</subfield>
    <subfield code="7">0</subfield>
    <subfield code="9">98670</subfield>
    <subfield code="a">CPL</subfield>
    <subfield code="b">CPL</subfield>
    <subfield code="c">GEN</subfield>
    <subfield code="d">2024-04-16</subfield>
    <subfield code="g">25.00</subfield>
    <subfield code="o">616-53.2 C-87</subfield>
    <subfield code="p">67842</subfield>
    <subfield code="r">2024-04-16</subfield>
    <subfield code="t">67842</subfield>
    <subfield code="w">2024-04-16</subfield>
    <subfield code="y">&#x1CAC;&#x1C98;&#x1C92;&#x1C9C;&#x1C98;</subfield>
    <subfield code="z">25 &#x10DA;.</subfield>
  </datafield>
</record>
